000 003060000a22001090004500
090 _aAS
_bSeriadas
245 1 0 _aNueva especie de Symplocaceae de Colombia
041 0 _aEspañol
100 1 _aChaparro, Martha L.
_999555
942 _cARTICULO
773 1 _tMutisia: Acta Botánica Colombiana
_3893
_h40
_q1-4
_d1976
999 _c15236
_d15236